Der Münzfund von Lebus
| Titel: | Der Münzfund von Lebus / Dieter Engelmann |
|---|---|
| Verfasser: | |
| In: |
Beiträge zur brandenburgisch-preussischen Numismatik, Heft 24 (2016), Seite 10-17 alle Artikel anzeigen |
| Veröffentlicht: | 2016 |
| Format: | Aufsatz |
| Sprache: | Deutsch |
X
alg: 42757955 001A $03025:16-03-18 001B $01999:16-03-18 $t22:54:05.000 001C $03025:16-03-18 $t10:47:21.000 001D $03025:16-03-18 001U $0utf8 001X $00 002@ $0Aou 002C $aText $btxt $2rdacontent 002D $aohne Hilfsmittel zu benutzen $bn $2rdamedia 002E $aBand $bnc $2rdacarrier 003@ $0427579554 007A $0427579554 $aHEB 010@ $ager 010E $erda 011@ $a2016 021A $aDer @Münzfund von Lebus $hDieter Engelmann 028A $BVerfasser $4aut $7137310781 $8Engelmann, Dieter$Z1937- [Tp3] $9209001070 031A $e24 $h10-17 $j2016 039B $aEnthalten in $8--Abvc--. Beiträge zur brandenburgisch-preussischen Numismatik. - Berlin : Numismatischer Arbeitskreis Brandenburg/Preußen, 1990-. - ISSN 2569-8478 $x201600000000024990 $9047032243 044K $#Lubusz $#Lübus $#Lubus $74099419-3 $8Lebus [Tg1] $9085282812 044K $RMünze $RDepotfund $#Coin hoards $#Trésors monétaires $#Fundmünze $#Münzschatz $74126078-8 $8Münzfund [Ts1] $9085427675 045T $a8,1 lok: 42757955 78 exp: 42757955 78 1 #EPN 201B/01 $016-03-18 $t10:47:00.000 201C/01 $016-03-18 201U/01 $0utf8 203@/01 $0101992201X 208@/01 $a16-03-18 $be 209A/01 $a/ $f000 $x00 209A/01 $ab*p $x01 220C/01 $apgar 247C/01 $82080>Marburg/Lahn, Herder-Institut, Forschungsbibliothek, Bibliographieportal $9336309341
| LEADER | 00000caa a2200000 c 4500 | ||
|---|---|---|---|
| 001 | 427579554 | ||
| 003 | DE-603 | ||
| 005 | 20180316225405.0 | ||
| 007 | tu | ||
| 008 | 180316s2016 xx |||| | u00||u|ger c | ||
| 035 | |a (DE-599)HEB427579554 | ||
| 040 | |a DE-603 |b ger |c DE-603 |d DE-603 |e rda | ||
| 041 | |a ger | ||
| 084 | |a 8,1 |2 ssgn | ||
| 100 | 1 | |a Engelmann, Dieter |d 1937- |e Verfasser |4 aut |0 (DE-603)209001070 |0 (DE-588)137310781 |2 gnd | |
| 245 | 0 | 0 | |a Der Münzfund von Lebus |c Dieter Engelmann |
| 264 | 0 | |c 2016 | |
| 336 | |a Text |b txt |2 rdacontent | ||
| 337 | |a ohne Hilfsmittel zu benutzen |b n |2 rdamedia | ||
| 338 | |a Band |b nc |2 rdacarrier | ||
| 650 | 7 | |a Münzfund |0 (DE-588)4126078-8 |0 (DE-603)085427675 |2 gnd | |
| 651 | 7 | |a Lebus |0 (DE-588)4099419-3 |0 (DE-603)085282812 |2 gnd | |
| 773 | 0 | 8 | |i Enthalten in |t Beiträge zur brandenburgisch-preussischen Numismatik |d Berlin : Numismatischer Arbeitskreis Brandenburg/Preußen, 1990- |h 21 cm |x 2569-8478 |g Heft 24 (2016), Seite 10-17 |w (DE-603)047032243 |w (DE-600)30302-1 |
| 924 | 0 | |9 2080 |a (DE-603)101992201X |b DE-2080 |c HES |d d |g / | |


